| 000 | 00430nam a22001457a 4500 | ||
|---|---|---|---|
| 999 |
_c2110 _d2110 |
||
| 008 | 200213b ||||| |||| 00| 0 eng d | ||
| 020 | _a817808113X | ||
| 100 |
_91707 _aKnuth, Donald E. |
||
| 245 | 1 | 0 |
_a(The) Art of computer programming, Vol. 3/ _cby Donald E. Knuth |
| 250 | _a2nd ed. | ||
| 260 |
_aNew-Delhi _bPearson Education _c2004 |
||
| 300 | _axiii,780p. | ||
| 650 | 0 |
_aComputer Algorithms _xComputer Programming |
|
| 942 | _cBK | ||